Регионална библиотека "Любен Каравелов" - Русе

ADRESSE-Plebiscite des originaires de Pirot habitant en Bulgarie a monsieur le president Wilson et aux gouvernements anglais, francais, tcheque, croite, polonais, etc. (Запис номер 344427)

MARC детайли
000 -Лидер
Контролно поле с фиксирана дължина 00837nam a2200241 c 4500
003 - Код на организацията, давaща контролен номер
Контролно поле BLK
005 - Дата и час на последна редакция
Контролно поле 20190913121308.0
008 - Елементи от данни с фиксирана дължина
fixed length control field 180911b bul|||||r ||||||| ||bul||
010 ## - Наследен системен номер
LC control number 004092
040 ## - Източник на каталожния запис
Идентификатор на билиотеката - собственик на записа BLK
041 ## - Код за език
Код за езика на текст/звукозапис или на отделно заглавие Френски
080 ## - УДК
УДК - код + определител 949.72
100 1# - Редна дума - Автор
Автор
Авторска отговорност първи автор
245 10 - Сведения за заглавието
Заглавие ADRESSE-Plebiscite des originaires de Pirot habitant en Bulgarie a monsieur le president Wilson et aux gouvernements anglais, francais, tcheque, croite, polonais, etc.
246 ## - Различни форми на заглавието
Подзаглавни данни ADRESSE-Plebiscite
260 ## - Област на издателските данни
Място на издаване, разпространение и проч. Sofia
Година на издаване 1919
Печатница Impr. d`Etat
300 ## - Физическа характеристика
Страници 59 с., 1 л
Илюстрации и др. к.
Размери/Мащаб 31 см
380 ## - Жанр
Жанр История
490 ## - СЕРИИ (Колекции)
Име на серия Частна колекция - Академик Михаил Арнаудов
Бележки за серията Дарение - Основен фонд
655 ## - Ключова дума – жанр/разновидност
Данни за жанр/разновидност или ключова дума за фокус българска история
852 ## - Местоположение
Форматна сигнатура МА 2977
942 ## - АРТИКУЛИ
Вид на библиотечния материал Книги
Скрит в OPAC Не
944 ## - СЪЗДАВАНЕ И РЕДАКЦИЯ на ЗАПИСА
Създаване/Редакция Създаване
Дата на регистрацията/редакция 1994
999 ## - СИСТЕМНИ КОНТРОЛНИ НОМЕРА
Koha biblionumber 344427
Koha biblioitemnumber 344427
Наличности
Код за отписване Код за изгубен артикул Източник на класификационната схема Код за повреда Коз за рестрикции Код за отдаване Артикулен № Име на библиотеката - собственик Име на библиотеката, в която се намира в момента Статус (Текущо местоположение) Местоположение - отдел Цена в лева Номерация (Хронология) Инвентарен номер Систематично азбучна сигнатура Баркод Номер на екземпляра Цена в евро Служебен тип на артикула
  Не е изгубен Universal Decimal Classification Не е повреден без рестрикции Специални фондове ( старопечатни, редки и ценни, фонд М. Арнаудов) 744838 Регионална библиотека "Любен Каравелов" Русе Регионална библиотека "Любен Каравелов" Русе Фонд "Михаил Арнаудов" Фонд "Михаил Арнаудов" 5.00   589649 МА 2977 120000589649 1 2.56 Книги
Vip Innovations Ltd, Rousse, Bulgaria 2025